01459nam a2200349Ia 4500001001200000003000800012006001900020007001500039008004100054010001700095020001500112020002800127040002100155035002100176050002200197082001500219245012000234260003700354300001500391490008100406504005100487533015200538650005200690650002100742655002900763700002900792710001700821830005900838830006900897856012600966999001701092ebr10053927CaPaEBRm u cr cn|||||||||990812s2001 nyu sbe 001 0 eng d z 99043757  z0203902807 z0815307624 (alk. paper) aCaPaEBRcCaPaEBR a(OCoLC)55998190014aQ125b.H57 2001eb04a509.7322104aThe history of science in the United Statesh[electronic resource] :ban encyclopedia /cedited by Marc Rothenberg. aNew York :bGarland Pub.,c2001. axx, 615 p.1 aGarland reference library of the social sciences ;v0842.aSpecial-reference aIncludes bibliographical references and index. aElectronic reproduction.bPalo Alto, Calif. :cebrary,d2009.nAvailable via World Wide Web.nAccess may be limited to ebrary affiliated libraries. 0aSciencezUnited StatesxHistoryvEncyclopedias. 0aNatural history. 7aElectronic books.2local1 aRothenberg, Marc,d1949-2 aebrary, Inc. 0aGarland reference library of social science ;vv. 842. 0aGarland reference library of social science.pSpecial-reference.40uhttp://site.ebrary.com/lib/rucke/Doc?id=10053927zAn electronic book accessible through the World Wide Web; click to view c64574d64574